Audit (Record no. 473)
[ view plain ]
| 000 -LEADER | |
|---|---|
| fixed length control field | 04587nam a2200361 4500 |
| 003 - CONTROL NUMBER IDENTIFIER | |
| control field | OSt |
| 005 - DATE AND TIME OF LATEST TRANSACTION | |
| control field | 20260514094453.0 |
| 008 - FIXED-LENGTH DATA ELEMENTS--GENERAL INFORMATION | |
| fixed length control field | 260514b |||||||| |||| 00| 0 aze d |
| 020 ## - INTERNATIONAL STANDARD BOOK NUMBER | |
| International Standard Book Number | 9952290284 |
| 040 ## - CATALOGING SOURCE | |
| Original cataloging agency | AZ-XaKU |
| Language of cataloging | aze |
| Transcribing agency | AZ-XaKU |
| 041 0# - LANGUAGE CODE | |
| Language code of text/sound track or separate title | aze |
| 050 14 - LIBRARY OF CONGRESS CALL NUMBER | |
| Classification number | HF5667 .Ab194 2013 |
| 100 1# - MAIN ENTRY--PERSONAL NAME | |
| Personal name | Abbasov, İbad, |
| Relator term | müəllif |
| 245 1# - TITLE STATEMENT | |
| Title | Audit |
| Statement of responsibility, etc. | / İbad Abbasov ; elmi redaktor A.K.Ələsgərov ; rəyçilər S.Y.Müslümov, S.Səbzəliyev, S.M.Yaqubov |
| 264 ## - PRODUCTION, PUBLICATION, DISTRIBUTION, MANUFACTURE, AND COPYRIGHT NOTICE | |
| Place of production, publication, distribution, manufacture | Bakı: |
| Name of producer, publisher, distributor, manufacturer | "Bakı Biznes Univeristeti Nəşriyyatı", |
| Date of production, publication, distribution, manufacture, or copyright notice | 2013. |
| 300 ## - PHYSICAL DESCRIPTION | |
| Extent | 544 səhifə ; |
| Other physical details | cədvəl, |
| Dimensions | 25 sm. |
| 336 ## - CONTENT TYPE | |
| Content type term | text |
| Content type code | txt |
| Source | rdacontent |
| 337 ## - MEDIA TYPE | |
| Media type term | unmediated |
| Media type code | n |
| Source | rdamedia |
| 338 ## - CARRIER TYPE | |
| Carrier type term | volume |
| Carrier type code | nc |
| Source | rdacarrier |
| 500 ## - GENERAL NOTE | |
| General note | Dərslik Azərbaycan Respublikası Təhsil Nazirinin 15.12.2026-cı il tarixli 901 saylı əmri ilə təsdiq edilmişdir. |
| 504 ## - BIBLIOGRAPHY, ETC. NOTE | |
| Bibliography, etc. note | Ədəbiyyat siyahısı: s. 532-534 |
| 505 0# - Formatted Contents Note | |
| Formatted contents note | Giriş -- Birinci bölmə. Auditin nəzəri əsasları ; I Fəsil. Auditin məqsəd və vəzifələri -- II Fəsil. Auditin predmeti və metodu -- III Fəsil. Auditin hüquqi və təşkilati əsasları -- IV Fəsil. Auditorun məsuliyyəti və peşə etikası -- İkinci bölmə. Auditin təşkili və ümumi metedoloji məsələləri ; V Fəsil. Auditin standartları -- VI Fəsil. Auditin təşkili prinsipləri -- VII Fəsil. Audit yoxlama-ekspertiza işlərinin planlaşdırılması -- VIII Fəsil. Auditin dəlil-sübutları -- IX Fəsil. Audit-yoxlama nəticələrinin qiymətləndirilməsi və yekun sənədlərinin tərtib edilməsi metodikası -- Üçüncü bölmə. Təsərüffat-maliyyə əməliyyatları auditinin metodikası ; X Fəsil. Normativ sənədlərin və maliyyə hesabatlarının ümumi yoxlanılması metodikası -- XI Fəsil. Pul vəsaitləri və onların ekvivalentləri üzrə əməliyyatların auditi -- XII Fəsil. Qeyri-maddi aktivlər üzrə əməliyyatların auditi -- XIII Fəsil. Torpaq, tikili və avadanlıqların (əsas vəsaitlərin) auditi -- XIV Fəsil. Ehtiyatlar auditi -- XV Fəsil. Məhsul istehsalı, satışı və onlara çəkilən məsrəflərin auditi -- XVI Fəsil. Əmək haqqı və əmək ödəmələri üzrə hesablaşmaların auditi -- XVII Fəsil. Malsatanlar və podratçılarla hesablaşmaların auditi -- XVIII Fəsil. Büdcə və büdcədənkənar fondlar üzrə hesablaşmaların auditi -- XIX Fəsil. Təhtəlhesab şəxslərlə hesablaşmaların auditi -- XX Fəsil. Hesablaşmalara dair digər əməliyyatların auditi -- XXI Fəsil. Kredit və ssuda əməliyyatlarının auditi -- XXII Fəsil. Xarici iqtisadi fəaliyyətin auditi -- Dördüncü bölmə. Maliyyə nəticələrinin auditi və auditdə maliyyə təhlilinin əsas prinsipləri ; XXIII Fəsil. İnvestisiya qoyuluşlarının auditi -- XXIV Fəsil. Maliyyə nəticələrinin auditi -- Beşinci bölmə. Sahələr auditi və onların spesifik xüsusiyyətləri ; XXV Fəsil. Auditdə maliyyə təhlili -- XXVI Fəsil. Təsərrüfatdaxili audit və onun metodoloji aspektləri -- XXVII Fəsil. Sahələr auditinin spesifik xüsusiyyətləri. |
| 520 0# - SUMMARY, ETC. | |
| Summary, etc. | Audit xidmət fəaliyyəti olsa da, müstəqil yoxlama-ekspertiza funksiyasını yerinə yetirməklə dövlətlə sahibkar arasında və sahibkarla menecer arasında qarant rolu oynayır. Bazar iqtisadiyyatı münasibətlərinə keçid material, əmək və maliyyə resurslarının səfərbər edilməsi və onlardan səmərəli istifadə olunmasını ön plana çəkir. Bu məsələlərin həllində digər idarəetmə elementləri ilə yanaşı audit xidməti və nəzarətinin rolu böyükdür. Auditin bir iqtisadi kateqoriya kimi formalaşmasında onun nəzəri və praktiki aspektlərin işlənib hazırlanması, tədris edilməsi vacibdir. Bu baxımdan dərslik mühüm əhəmiyyət kəsb edir. <br/>Dərslikdə auditin nəzəri, təşkilati-praktiki, metodoloji prinsipləri şərh edilməklə yanaşı, ilk dəfə olaraq auditdə maliyyə təhlilinin metodikası və sahələr auditinin təşkilinin spesifik xüsusiyyətləri verilmişdir. |
| 521 ## - TARGET AUDIENCE NOTE | |
| Target audience note | Dərslik iqtisadyönümlü ixtisaslar üzrə təhsil alan tələbələr, magistrlər, aspirantlar, müəllimlər, mühasiblər, iqtisadçılar, auditorlar və maliyyə, vergi sistemində çalışanlar üçün nəzərdə tutulmuşdur. |
| 650 #7 - SUBJECT ADDED ENTRY--TOPICAL TERM | |
| Topical term or geographic name entry element | İqtisadiyyat |
| Source of heading or term | AZ-XaKU |
| 655 ## - INDEX TERM--GENRE/FORM | |
| Source of term | AZ-XaKU |
| Genre/form data or focus term | dərslik |
| 700 1# - ADDED ENTRY--PERSONAL NAME | |
| Personal name | Ələsgərov, A.K., |
| Relator term | elmi redaktor. |
| 700 1# - ADDED ENTRY--PERSONAL NAME | |
| Personal name | Müslümov, S.Y., |
| Relator term | rəyçi. |
| 700 1# - ADDED ENTRY--PERSONAL NAME | |
| Personal name | Səbzəliyev, S., |
| Relator term | rəyçi. |
| 700 1# - ADDED ENTRY--PERSONAL NAME | |
| Personal name | Yaqubov, S.M., |
| Relator term | rəyçi. |
| 942 ## - ADDED ENTRY ELEMENTS (KOHA) | |
| Koha item type | Book |
| Withdrawn status | Lost status | Source of classification or shelving scheme | Damaged status | Not for loan | Collection | Home library | Current library | Date acquired | Total checkouts | Full call number | Barcode | Date last seen | Copy number | Price effective from | Koha item type |
|---|---|---|---|---|---|---|---|---|---|---|---|---|---|---|---|
| Library of Congress Classification | General Collection | Karabakh University Main Library | Karabakh University Main Library | 05/14/2026 | HF5667 .Ab194 2013 | 0000000348 | 05/14/2026 | 1 | 05/14/2026 | Book | |||||
| Library of Congress Classification | General Collection | Karabakh University Main Library | Karabakh University Main Library | 05/14/2026 | HF5667 .Ab194 2013 c.2 | 0000000349 | 05/14/2026 | 2 | 05/14/2026 | Book | |||||
| Library of Congress Classification | General Collection | Karabakh University Main Library | Karabakh University Main Library | 05/14/2026 | HF5667 .Ab194 2013 c.3 | 0000000350 | 05/14/2026 | 3 | 05/14/2026 | Book | |||||
| Library of Congress Classification | General Collection | Karabakh University Main Library | Karabakh University Main Library | 05/14/2026 | HF5667 .Ab194 2013 c.4 | 0000000351 | 05/14/2026 | 4 | 05/14/2026 | Book | |||||
| Library of Congress Classification | General Collection | Karabakh University Main Library | Karabakh University Main Library | 05/14/2026 | HF5667 .Ab194 2013 c.5 | 0000000352 | 05/14/2026 | 5 | 05/14/2026 | Book |